Central Library OPAC University of Rajshahi

Staff development for institutions educating and training engineers and technicians : (Record no. 50026)

MARC details
000 -LEADER
fixed length control field 00904nam a2200253 a 4500
001 - CONTROL NUMBER
control field 50026
003 - CONTROL NUMBER IDENTIFIER
rucl marc code BD-RjUL
005 - DATE AND TIME OF LATEST TRANSACTION
control field 20211209075439.0
008 - FIXED-LENGTH DATA ELEMENTS--GENERAL INFORMATION
fixed length control field 160823s1977 fr b i000 0 eng
020 ## - INTERNATIONAL STANDARD BOOK NUMBER
International Standard Book Number 9231014447
035 ## - SYSTEM CONTROL NUMBER
System control number (BD-RjUL)50146
040 ## - CATALOGING SOURCE
Original cataloging agency DLC
Transcribing agency DLC
Modifying agency DLC
-- BD-RjUL
Language of cataloging eng
041 ## - LANGUAGE CODE
Language code of text/sound track or separate title eng
082 00 - DEWEY DECIMAL CLASSIFICATION NUMBER
Classification number 607
Author mark and year STA 1977
245 00 - TITLE STATEMENT
Title Staff development for institutions educating and training engineers and technicians :
Remainder of title a study dealing with the special problems of developing countries /
Statement of responsibility, etc. edited by John S. McNown.
260 ## - PUBLICATION, DISTRIBUTION, ETC. (IMPRINT)
Place of publication, distribution, etc. Paris :
Name of publisher, distributor, etc. Unesco,
Date of publication, distribution, etc. 1977.
300 ## - PHYSICAL DESCRIPTION
Pagination 127 p. ;
Size 24 cm.
504 ## - BIBLIOGRAPHY, ETC. NOTE
Bibliography, etc Includes bibliographical references.
650 #0 - SUBJECT ADDED ENTRY--TOPICAL TERM
Topical term or geographic name as entry element Technical education
Geographic subdivision Developing countries.
9 (RLIN) 149929
700 1# - ADDED ENTRY--PERSONAL NAME
Personal name McNown, John S.
Fuller form of name (John Stephenson),
Dates associated with a name 1916-1998.
942 ## - ADDED ENTRY ELEMENTS (KOHA)
Source of classification or shelving scheme Dewey Decimal Classification
Koha item type Books
Holdings
Lost status Source of classification or shelving scheme Damaged status Not for loan Collection code Permanent Location Current Location Shelving location Date acquired Source of acquisition Total Checkouts Full call number Date last seen Copy number Koha item type
  Dewey Decimal Classification   Not For Loan Non-fiction Central Library, University of Rajshahi Central Library, University of Rajshahi Reading Room 04/12/1981 Unesco   607 STA 1977 23/08/2016 C-1 Books
  Dewey Decimal Classification     Non-fiction Central Library, University of Rajshahi Central Library, University of Rajshahi   09/06/1982 Unisco   607 STA 1977 24/08/2016 C-2 Books